Statistics for US States in more than one Time Zone

Click here to take the quiz!

General Stats

  • This quiz has been taken 580 times
  • The average score is 11 of 13

Answer Stats

Answer% Correct
Texas
98%
Alaska
93%
Kansas
89%
Tennessee
89%
Kentucky
88%
Florida
87%
South Dakota
87%
Nebraska
86%
North Dakota
86%
Indiana
83%
Michigan
83%
Idaho
81%
Oregon
69%

Score Distribution

Percentile by Number Answered

Percent of People with Each Score

Your Score History

You have not taken this quiz